000 00339nam a2200145Ia 4500
003 OSt
008 191201s2019 xx 000 0 und d
082 _a621.43
_bHEI
100 _aHEYWOOD, John B
245 0 _aInternal Combustion Engine Fundamentals
250 _a13th rep
260 _bTMH
_aNew Delhi
300 _a930
942 _2ddc
_cBK
999 _c8177
_d8177